<?xml version="1.0" encoding="UTF-8"?><?xml-stylesheet type="text/xsl" href="static/style.xsl"?><OAI-PMH xmlns="http://www.openarchives.org/OAI/2.0/" xmlns:xsi="http://www.w3.org/2001/XMLSchema-instance" xsi:schemaLocation="http://www.openarchives.org/OAI/2.0/ http://www.openarchives.org/OAI/2.0/OAI-PMH.xsd"><responseDate>2026-06-02T02:13:25Z</responseDate><request verb="GetRecord" identifier="oai:riuma.uma.es:10630/31985" metadataPrefix="marc">https://riuma.uma.es/rest/oai/request</request><GetRecord><record><header><identifier>oai:riuma.uma.es:10630/31985</identifier><datestamp>2026-02-03T11:52:03Z</datestamp><setSpec>com_10630_2254</setSpec><setSpec>col_10630_37959</setSpec></header><metadata><record xmlns="http://www.loc.gov/MARC21/slim" xmlns:dcterms="http://purl.org/dc/terms/" xmlns:doc="http://www.lyncode.com/xoai" xmlns:xsi="http://www.w3.org/2001/XMLSchema-instance" xsi:schemaLocation="http://www.loc.gov/MARC21/slim http://www.loc.gov/standards/marcxml/schema/MARC21slim.xsd">
   <leader>00925njm 22002777a 4500</leader>
   <datafield ind2=" " ind1=" " tag="042">
      <subfield code="a">dc</subfield>
   </datafield>
   <datafield ind2=" " ind1=" " tag="720">
      <subfield code="a">Gómez-Calderón, Bernardo</subfield>
      <subfield code="e">author</subfield>
   </datafield>
   <datafield ind2=" " ind1=" " tag="720">
      <subfield code="a">Ceballos del Cid, Yaiza</subfield>
      <subfield code="e">author</subfield>
   </datafield>
   <datafield ind2=" " ind1=" " tag="260">
      <subfield code="c">2024</subfield>
   </datafield>
   <datafield ind2=" " ind1=" " tag="520">
      <subfield code="a">El objetivo de esta investigación estribaba en analizar el consumo informativo en redes sociales por parte de la población española de entre 15 y 24 años, con la intención de conocer de qué modo accede a las noticias, las interacciones que lleva a cabo con ellas, las redes preferidas para mantenerse informada y qué tipo de contenidos son los más consumidos, entre otras variables. Y todo ello atendiendo a la perspectiva de género, con intención de detectar eventuales divergencias entre los hábitos informativos del público masculino y el femenino en este tramo de edad.&#xd;
La metodología de investigación, de carácter cuantitativo, consistió en una encuesta de alcance nacional, basada en un cuestionario online suministrado a una muestra representativa de la población objeto de estudio (n=1.068). El instrumento se componía de 14 ítems, diseñados ad hoc, que atendían a variables de estudio tanto nominales como ordinales.&#xd;
Las conclusiones de nuestra investigación permiten constatar, entre otras evidencias, el elevado uso informativo de las redes sociales por parte de la población de 15 a 24 años, reflejando las cifras desagregadas por género un grado de utilización más intenso por parte de la población femenina, sobre todo en los casos de Instagram y TikTok. Los hombres, sin embargo, suelen buscar información en los social media con mayor frecuencia que las mujeres. También los temas de las noticias difieren entre un público y otro: sucesos, cultura y salud parecen monopolizar el interés de las jóvenes, mientras que los chicos atienden más a contenidos relacionados con los deportes y los videojuegos. Ni unos ni otros se muestran demasiado interesados por la actualidad política o económica. En cuanto a las acciones vinculadas a las informaciones recibidas, las mujeres tienden más a compartirlas con sus contactos, mientras que entre los hombres es más común comentar u opinar.</subfield>
   </datafield>
   <datafield ind1="8" ind2=" " tag="024">
      <subfield code="a">https://hdl.handle.net/10630/31985</subfield>
   </datafield>
   <datafield tag="653" ind2=" " ind1=" ">
      <subfield code="a">Hábitos de información - Diferencias entre los sexos</subfield>
   </datafield>
   <datafield tag="653" ind2=" " ind1=" ">
      <subfield code="a">Internet y jóvenes</subfield>
   </datafield>
   <datafield tag="653" ind2=" " ind1=" ">
      <subfield code="a">Jóvenes - Redes sociales</subfield>
   </datafield>
   <datafield ind2="0" ind1="0" tag="245">
      <subfield code="a">La incidencia del género en el consumo informativo de los jóvenes en las redes sociales. El caso español.</subfield>
   </datafield>
</record>
</metadata></record></GetRecord></OAI-PMH>